No Lo Subas a Instagram - Mafalda Cardenal, Lasso - Estadísticas

Estadísticas generales
  • Esta prueba ha sido intentada 437 veces
  • La puntuación promedio es 129 de 305
Estadísticas de respuestas
Letra % Correcto
a
100%
amor
67%
el
67%
él
67%
es
67%
Instagram
67%
lo
67%
(lo
67%
no
67%
no,
67%
¿No
67%
por
67%
Porque
67%
que
67%
qué
67%
Que
67%
Qué
67%
si
67%
subas
67%
tu
67%
67%
alguien
33%
Ay,
33%
bonito
33%
búscate
33%
cara
33%
chiste
33%
chistes
33%
ciego
33%
Con
33%
copia
33%
cuando
33%
Cuando
33%
daño,
33%
daño
33%
de
33%
dicen
33%
en
33%
era
33%
éramos
33%
ese
33%
extrañas,
33%
extrañas
33%
extraño
33%
falta,
33%
falta
33%
fui
33%
gustaba
33%
gustaban
33%
gustarte
33%
gusté
33%
hace
33%
hacerme
33%
haces
33%
hasta
33%
hinchada,
33%
hueco
33%
importa?
33%
importo?
33%
(La
33%
la
33%
la)
33%
levantar
33%
llamas
33%
Llamas
33%
lloro
33%
(lloro
33%
lloro)
33%
maquillar
33%
más
33%
más,
33%
más...
33%
más.
33%
Me
33%
me
33%
menos
33%
mi
33%
mujer
33%
nadie
33%
Ni
33%
¿No
33%
nuestro
33%
olvidar
33%
otra
33%
pa'
33%
pecho,
33%
pena
33%
pena,
33%
perfume
33%
pero
33%
pienso
33%
podría
33%
poner
33%
propia
33%
puedo
33%
puta
33%
quiero
33%
reemplazar
33%
regaló
33%
solías
33%
sólo
33%
somos)
33%
suéter
33%
tan
33%
te
33%
todo
33%
todo,
33%
tomo,
33%
tomo
33%
tres
33%
tus
33%
variar
33%
vas
33%
Y
33%
ya
33%
yo
33%
andas
0%
calle,
0%
chef
0%
como
0%
intentándolo
0%
Mientras
0%
pruebas
0%
restaurant
0%
No se encontraron pruebas coincidentes
Distribución de puntuación
Porcentaje de gente con cada puntuación
Porcentaje por número respondido
Historial de tus puntuaciones
No has intentado esta prueba.